000 00285nam a22001337a 4500
008 170703b xxu||||| |||| 00| 0 eng d
020 _a002312430X
041 _aeng
080 _a82
100 _a22
101 _aGJL
245 _aEXPLORING ETHICS
_cBORCHERT, D.M
942 _2udc
_cBK
999 _c19830
_d19830